00226nam a22000977a 4500003000400000082001600004100001800020245005100038260003100089300000800120SGT a641.3bC17S aSETHI, MOHINI aCATERING MANAGEMENT: AN INTEGRATED APPROACH  aDELHIbNEW AGE PUB. c2017 a474